000 00657nab a2200193 4500
001 244442
003 OSt
005 20260209122633.0
007 tu
008 260209s2020|||||||
040 _aDE-2950
_cDE-2950
245 0 0 _aÄrger um Campingplatz geht weiter
_bTourismus. Der gescheiterte Ausbau des Geländes an der Marina in Frankfurt beschäftigt Betreiber Jens Peter Kroll. Aussagen aus dem Rathaus weist er zurück/
_cThomas Meiler
264 _c2025
653 _aFrankfurt (Oder)
653 _aMarina
653 _aCampingplatz
773 0 _g37. Jahrgang (2026) Nr. 22 vom 27.01.2026 , S. 15 mit Fotos
_tMärkische Oderzeitung
942 _2z
_cA
999 _c374266
_d374266